Statystyki dla Pierwiastki na literę R

Kliknij tutaj aby rozwiązać quiz!

Ogólne statystyki

  • Ten quiz został rozwiązany 107 razy
  • Średni wynik to 5 z 9

Statystyki odpowiedzi

Odpowiedź% Poprawnych
1.Rad
95%
2.Radon
67%
4.Rod
64%
7.Rubid
63%
6.Rtęć
62%
3.Ren
60%
8.Ruten
44%
5.Roentgen
43%
9.Rutherford
40%

Rozkład punktacji

Percentyl według liczby udzielonych odpowiedzi

Procent ludzi z każdym wynikiem

Twoja historia wyników

Nie rozwiązałeś tego quizu